| 000 | 00593nam a22001337a 4500 | ||
|---|---|---|---|
| 040 | _cRUA | ||
| 082 | _aAGR RUM 2017 B644 Or.1 | ||
| 100 | _aRUM SARY រ៉ុម សារី | ||
| 245 | _aeffect of urea fertilizer on chinese cabbage ឥទិ្ធពលរបស់ជីអ៊ុយរ៉េកម្រិតផ្សេងៗគ្នាទៅលើដំណាំស្ពៃក្រញ៉ាញ់ | ||
| 260 |
_aphnom penh _brua _c2017 |
||
| 300 |
_axiv;46p; _bill; _c29cm; |
||
| 856 | _uhttps://drive.google.com/file/d/1PNoHpKDKx2jlSkPVSbtqRjugxt46ax4o/view?usp=sharing | ||
| 942 | _cAGR | ||
| 999 |
_c18189 _d18189 |
||